000 00482nam a2200157Ia 4500
008 151213s9999 xx 000 0 und d
020 _a984-843-000-8
100 _aএ.বি .সিদ্দিক
245 _aচুুক্তি আইন
_cএ.বি .সিদ্দিক
260 _aঢাকা
_bকামরুল বুক হাউজ
_c2001
300 _a5916 p.
650 _aLaw
650 _aLaw
700 _aএ.বি .সিদ্দিক
999 _c3421
_d3421